| 000 | 01528cam a2200373 a 4500 | ||
|---|---|---|---|
| 999 |
_c1267 _d1267 |
||
| 001 | 14468640 | ||
| 003 | OSt | ||
| 005 | 20221227135731.0 | ||
| 008 | 060726s2006 nyua c 000 1 eng | ||
| 010 | _a 2006019518 | ||
| 020 | _a9780064410168 | ||
| 035 | _a(OCoLC)ocm70718171 | ||
| 040 |
_aDLC _cDLC _dIG# _dBAKER _dHHO _dYDXCP _dDLC _dKH8 |
||
| 042 |
_alcac _alcac |
||
| 082 | 0 | 0 |
_aFIC SNI _222 |
| 100 | 1 |
_aSnicket, Lemony. _eAUTHOR |
|
| 245 | 1 | 4 |
_aThe End / _cby Lemony Snicket ; illustrations by Brett Helquist. |
| 250 | _a1st ed. | ||
| 260 |
_aNew York : _bHarperCollins, _cc2006. |
||
| 300 |
_a324, 13 p. : _bill. ; _c19 cm. |
||
| 490 | 1 |
_aA series of unfortunate events ; _vbook the 13th |
|
| 520 | _aLost at sea, the Baudelaire orphans, along with the evil Count Olaf, wash up on the shore of an island populated by an oddly placid group of inhabitants, and they try to decide whether or not they are truly safe. | ||
| 650 | 1 |
_aOrphans _vFiction. |
|
| 650 | 1 |
_aBrothers and sisters _vFiction. |
|
| 650 | 1 |
_aIslands _vFiction. |
|
| 650 | 1 | _aHumorous stories. | |
| 700 | 1 |
_aHelquist, Brett, _eill. |
|
| 800 | 1 |
_aSnicket, Lemony. _tSeries of unfortunate events ; _vbk. 13. |
|
| 856 | 4 | 2 |
_3Contributor biographical information _uhttp://www.loc.gov/catdir/enhancements/fy0911/2006019518-b.html |
| 856 | 4 | 2 |
_3Publisher description _uhttp://www.loc.gov/catdir/enhancements/fy0911/2006019518-d.html |
| 906 |
_a7 _bcbc _corignew _d1 _eecip _f20 _gy-gencatlg |
||
| 942 |
_2ddc _cFIC |
||